Hebrews / (Record no. 5085)
[ view plain ]
| 000 -LEADER | |
|---|---|
| fixed length control field | 00708cam a2200241Ia 4500 |
| 001 - CONTROL NUMBER | |
| control field | 12073422 |
| 003 - CONTROL NUMBER IDENTIFIER | |
| control field | OSt |
| 005 - DATE AND TIME OF LATEST TRANSACTION | |
| control field | 20181220115559.0 |
| 008 - FIXED-LENGTH DATA ELEMENTS--GENERAL INFORMATION | |
| fixed length control field | 850523s1985 txu b 000 0 eng d |
| 020 ## - INTERNATIONAL STANDARD BOOK NUMBER | |
| International Standard Book Number | 0849901634 |
| 040 ## - CATALOGING SOURCE | |
| Original cataloging agency | IME |
| Transcribing agency | IME |
| Modifying agency | OCL |
| -- | MAL |
| 082 ## - DEWEY DECIMAL CLASSIFICATION NUMBER | |
| Classification number | REF 225.7 |
| Item number | E92C |
| 092 ## - LOCALLY ASSIGNED DEWEY CALL NUMBER (OCLC) | |
| Classification number | 227.8707 |
| Item number | Ev1 |
| 100 1# - MAIN ENTRY--PERSONAL NAME | |
| Personal name | Evans, Louis H. |
| Fuller form of name | (Louis Hadley), |
| Dates associated with a name | 1926- |
| 245 10 - TITLE STATEMENT | |
| Title | Hebrews / |
| Statement of responsibility, etc. | Louis H. Evans, Jr. |
| 260 ## - PUBLICATION, DISTRIBUTION, ETC. | |
| Place of publication, distribution, etc. | Waco, Tex. : |
| Name of publisher, distributor, etc. | Word Books, |
| Date of publication, distribution, etc. | c1985. |
| 300 ## - PHYSICAL DESCRIPTION | |
| Extent | 259 p. ; |
| Dimensions | 24 cm. |
| 490 1# - SERIES STATEMENT | |
| Series statement | The communicator's commentary series ; |
| Volume/sequential designation | 10. |
| 504 ## - BIBLIOGRAPHY, ETC. NOTE | |
| Bibliography, etc. note | Bibliography: p. 259. |
| 630 00 - SUBJECT ADDED ENTRY--UNIFORM TITLE | |
| Uniform title | Bible. |
| Name of part/section of a work | Hebrews |
| Form subdivision | Commentaries. |
| 830 #0 - SERIES ADDED ENTRY--UNIFORM TITLE | |
| Uniform title | Communicator's commentary series ; |
| Volume/sequential designation | 10. |
| 942 ## - ADDED ENTRY ELEMENTS (KOHA) | |
| Source of classification or shelving scheme | Dewey Decimal Classification |
| Koha item type | Reference |
No items available.
